II Encuentro Internacional de Psicosociología del Arte
Descripción Física:
[1] f. plegat ; 21 cm
Materias:
Art -- Psicologia
MARC
| LEADER | 00000nam a2200000Ia 4500 | ||
|---|---|---|---|
| 001 | 19149 | ||
| 003 | BGR | ||
| 005 | 20260324180138.0 | ||
| 008 | 160829s1976 xx 000 0 cat d | ||
| 080 | |a FU-2-62 | ||
| 111 | |a Encuentro Internacional de Psicología del Arte |9 70757 |c (Barcelona : |d 1976) | ||
| 245 | |a II Encuentro Internacional de Psicosociología del Arte | ||
| 260 | |a Barcelona : |b Diputación de Barcelona, |c 1976 | ||
| 300 | |a [1] f. plegat ; |c 21 cm | ||
| 590 | |a És el programa de la trobada celebrada des de l'1 fins el 8 de juliol. | ||
| 590 | |a Prové de S-323 | ||
| 650 | |a Art |x Psicologia |9 47753 | ||
| 710 | 1 | |a Barcelona (Catalunya : Província). |b Diputació |9 52408 | |
| 901 | |a Arxiu | ||
| 942 | |n 1 |2 udc |c MON | ||
| 952 | |0 0 |1 0 |4 0 |6 FU262 |7 1 |9 54077 |a Arxiu |b Arxiu |d 2016-12-01 |l 0 |o FU-2-62 |p 19149 |r 2016-12-01 00:00:00 |w 2016-12-01 |y ARXIU | ||
| 999 | |c 57945 |d 57945 | ||